Catálogo General de Proveedores para la Bodega del Área de Salud Carpio-León XIII (Registro nro. 8662)
[ vista simple ]
| 000 -LEADER | |
|---|---|
| fixed length control field | 00482nmm a22001697a 4500 |
| 005 - DATE AND TIME OF LATEST TRANSACTION | |
| control field | 20161129162401.0 |
| 008 - FIXED-LENGTH DATA ELEMENTS--GENERAL INFORMATION | |
| fixed length control field | 150618b xxu||||| |||| 00| 0 spa d |
| 041 ## - LANGUAGE CODE | |
| Language code of text/sound track or separate title | spa |
| 082 ## - DEWEY DECIMAL CLASSIFICATION NUMBER | |
| Classification number | DE 134 |
| 100 ## - MAIN ENTRY--AUTHOR NAME | |
| Personal name | Rojas Monge, Luis Enrique |
| 245 ## - TITLE STATEMENT | |
| Title | Catálogo General de Proveedores para la Bodega del Área de Salud Carpio-León XIII |
| 260 ## - PUBLICATION, DISTRIBUTION, ETC. (IMPRINT) | |
| Year of publication | 2015 |
| 650 ## - SUBJECT ADDED ENTRY--TOPICAL TERM | |
| Topical Term | COSTA RICA |
| 650 ## - SUBJECT ADDED ENTRY--TOPICAL TERM | |
| Topical Term | DIRECCIÓN DE EMPRESAS |
| 650 ## - SUBJECT ADDED ENTRY--TOPICAL TERM | |
| Topical Term | PROVEEDURÍA |
| 942 ## - ADDED ENTRY ELEMENTS (KOHA) | |
| Tipo de ítem | Informe de Práctica |
| Withdrawn status | Estado | Estado físico | Not for loan | Precio de compra | Total Checkouts | Clasificación | Número de inscripción | Date last seen | Date checked out | Price effective from | Tipo de ítem |
|---|---|---|---|---|---|---|---|---|---|---|---|
| 62720.00 | 1 | DE 134 | DE134 | 20/08/2018 | 14/08/2018 | 29/11/2016 | Informe de Práctica |